000
00282nam a2200133Ia 4500
100
_a
ISTE-CIICP Monography Seriesc
942
_c
BK
654
_a
Institution Management
245
_a
Institution Management
260
_b
none
300
_a
50
546
_a
ENGLISH
999
_c
29330
_d
29330